[Event "EU-ch Amateur Online 1700/2000"]
[Site "Tornelo INT"]
[Date "2021.04.24"]
[Round "4"]
[White "Sesmat, Timothee"]
[Black "Merkouropoulos, Dionysios"]
[Result "0-1"]
[WhiteElo "1782"]
[BlackElo "1405"]
[PlyCount "74"]
[EventDate "2021.04.24"]
[EventType "swiss (rapid)"]
[EventRounds "8"]
[EventCountry "NET"]
[SourceTitle "EXT 2023"]
[Source "ChessBase"]
[SourceDate "2022.10.05"]
[SourceVersion "1"]
[SourceVersionDate "2022.10.05"]
[SourceQuality "1"]

1. e4 e5 2. Nf3 Nc6 3. Nc3 Nf6 4. Bb5 Bb4 5. a3 Bxc3 6. bxc3 0-0 7. 0-0 a6 8. Bxc6 bxc6 9. Re1 d6 10. d4 exd4 11. cxd4 Bg4 12. Bg5 h6 13. Bh4 g5 14. Bg3 Re8 15. h3 Bh5 16. Qd3 d5 17. Nd2 Qd7 18. Be5 dxe4 19. Nxe4 Nxe4 20. Qxe4 f6 21. g4 Bf7 22. Qf3 fxe5 23. dxe5 Bd5 24. Qd3 Qg7 25. c4 Bf7 26. Qe4 Re6 27. Rad1 Rae8 28. f4 gxf4 29. Qxf4 Rxe5 30. Rf1 Re4 31. Qxc7 Rxc4 32. Rd7 Rf8 33. Qa7 c5 34. Qxa6 Rd4 35. Rc7 Qe5 36. Qxh6 Qg3+ 37. Kh1 Bd5+ 0-1